000
00332 a2200109 4500
001
ART_17450
005
20260410161923.0
008
260409a
245
1
0
_a
Staggered wage setting in a macro model
100
1
_a
Taylor, John B.
773
0
_t
The American Economic Review
_g
- Vol. 69, NÂș 2 (mayo 1979)
_w
REV16190
999
_c
27871
_d
27871